Statistiken für Hauptstädte mit kurzen Namen (mit einer Karte)

Klicken Sie hier um das Quiz zu spielen!

Allgemein

  • Dieses Quiz wurde 809 mal gespielt
  • Das Durchschnittsergebnis liegt bei 178 aus 196

Antworten auf der Karte

Die Antworten werden auf der Karte rot bzw. grün angezeigt, abhängig davon wie oft sie richtig erraten wurden.
 

Antwortstatistiken

capital% Korrekt
x
100%
Oslo
78%
Bern
77%
Wien
77%
Lima
75%
Paris
72%
Tokio
72%
Riga
68%
Rom
68%
Prag
67%
Sucre
63%
Kiew
62%
Athen
59%
Minsk
59%
Quito
59%
Seoul
57%
Vaduz
57%
Dakar
55%
Rabat
55%
Riad
55%
Kairo
53%
Lomé
52%
Tunis
52%
Accra
50%
Dili
50%
Doha
50%
Sofia
50%
Baku
49%
Malé
49%
Suva
47%
Dhaka
46%
Sanaa
46%
Apia
43%
Abuja
42%
Juba
42%
Praia
42%
Amman
39%
Hanoi
38%
Kabul
38%
Yaren
32%

Verteilung der Resultate

Perzentil nach korrekt beantworteten Fragen

Anzahl Personen mit jedem Resultat

Ihre Resultats-Entwicklung

Sie haben dieses Quiz noch nicht gespielt